000 00966nam a22003137a 4500
001 BR7575100
003 BR-BrBNA
005 20230928084849.0
007 ta
008 230509b bl.||||| |||| 00| 0 por d
040 _aBR-BrBNA
_bpor
_cBiblioteca Nacional de Agricultura
041 _a(Por)
072 _aE70; Q10
_b/G514
090 _ E70 BR7575100
110 1 _aPrograma de Investimentos Integrados para o Setor Agropecuario do Rio Grande do Sul, Porto Alegre (Brasil)
_97968
245 1 _aComercializacao, estudo global [Produtos agricolas; Armazenagem; Beneficiamento; Transporte; Brasil]
_bv.1
260 3 _aPorto Alegre, RS (Brasil):
_c1975.
300 _a397 p.
500 _a31 tables
650 _aCOMERCIALIZACAO
650 _aPRODUTO AGRICOLA
650 _aARMAZENAMENTO
650 _aBENEFICIAMENTO
650 _aTRANSPORTE
650 _aPRECO
650 _aRIO GRANDE DO SUL
909 _a202309
_bLucia
_c55
_dLucia Elande
942 _cBK
999 _c21535
_d21535